| 000 | 00636cam a2200217 a 4500 | ||
|---|---|---|---|
| 001 | 1356138 | ||
| 005 | 20180223075551.0 | ||
| 008 | 810803s1981 pau b 001 0 eng | ||
| 010 | _a 80053924 | ||
| 020 | _a0030576741 | ||
| 040 |
_aDLC _cDLC _dDLC |
||
| 041 | _aeng | ||
| 080 | _a790.023 KRA | ||
| 082 | 0 | 0 |
_a790.023 KRA _219 |
| 100 | 1 | _a54 | |
| 101 | _aLID | ||
| 245 | 1 | 0 |
_aRecreation leadership and supervision : _cRichard G. Kraus, Gay Carpenter, Barbara J. Bates. |
| 504 | _aBibliography: p. 354-359. | ||
| 906 |
_a7 _bcbc _corignew _d2 _eocip _f19 _gy-gencatlg |
||
| 942 |
_2ddc _cBK |
||
| 999 |
_c43276 _d43276 |
||